| 000 | 00452pab a2200169 454500 | ||
|---|---|---|---|
| 008 | 180718b2014 xxu||||| |||| 00| 0 eng d | ||
| 100 | _aPasha, P.M. Mubarak | ||
| 245 | _aCredit semester system in Kerala: Cosmetic reform | ||
| 260 | _c2014 | ||
| 300 | _ap.25-28. | ||
| 362 | _a20 Sep | ||
| 650 | _aExamination marks - India - Kerala | ||
| 650 | _aExamination marks | ||
| 773 | _aEconomic and Political Weekly | ||
| 908 | _aN | ||
| 909 | _a105792 | ||
| 999 |
_c105787 _d105787 |
||